[Event "Tbilisi Municipality Cup 2010"]
[Site "?"]
[Date "2010.05.16"]
[Round "?"]
[White "Pantsulaia, Levan"]
[Black "Chitadze, Romeo"]
[Result "1-0"]
[WhiteElo "2587"]
[BlackElo "2226"]
[PlyCount "111"]
[EventDate "2010.??.??"]

1. d4 Nf6 2. Nf3 e6 3. g3 d5 4. Bg2 Be7 5. O-O O-O 6. c4 dxc4 7. Ne5 c5 8. dxc5
Bxc5 9. Qc2 Nbd7 10. Nxc4 Nb6 11. Nbd2 Qc7 12. b3 Bd7 13. Bb2 Bc6 14. Be5 Qd7
15. Nxb6 axb6 16. Bxf6 gxf6 17. Ne4 Bxe4 18. Qxe4 f5 19. Qxb7 Qxb7 20. Bxb7 Ra3
21. Rfd1 Be7 22. Rd2 Rb8 23. Bf3 Rc8 24. Rd7 Bf6 25. Rad1 Rxa2 26. Bh5 Rf8 27.
Rb7 Ra1 28. Rxa1 Bxa1 29. Rxb6 Kg7 30. Rb7 Kf6 31. b4 Be5 32. b5 Bd6 33. f4 e5
34. e3 exf4 35. exf4 Be7 36. b6 Ra8 37. Rc7 Ra1+ 38. Kg2 Rb1 39. b7 Ke6 40. Bf3
Bd6 41. Rc8 Rb2+ 42. Kh3 Rb3 43. Bc6 Rb6 44. Kh4 Kf6 45. Kh5 Rb3 46. h4 h6 47.
Kxh6 Rxg3 48. b8=Q Bxb8 49. Rxb8 Rg4 50. h5 Rxf4 51. Bd5 Rg4 52. Rb6+ Ke7 53.
Rb7+ Kd6 54. Bxf7 f4 55. Bg6 f3 56. Rf7 1-0

[Event "Tbilisi Municipality Cup 2010"]
[Site "?"]
[Date "2010.05.16"]
[Round "?"]
[White "Abdulrazzag, Sinan Younus"]
[Black "Gagunashvili, Merab"]
[Result "0-1"]
[WhiteElo "2243"]
[BlackElo "2580"]
[PlyCount "142"]
[EventDate "2010.??.??"]

1. d4 d6 2. c4 e5 3. Nf3 Nd7 4. Nc3 g6 5. Bg5 f6 6. Bd2 Bg7 7. e4 Nh6 8. Be2
Nf7 9. Qc2 O-O 10. Be3 Nh6 11. c5 exd4 12. Nxd4 Nxc5 13. b4 Na6 14. Bxa6 bxa6
15. Nd5 Rf7 16. Rc1 c5 17. bxc5 Ng4 18. c6 f5 19. c7 Qe8 20. O-O f4 21. Nc6
fxe3 22. fxe3 Rxf1+ 23. Rxf1 Bd7 24. Rb1 Bxc6 25. Ne7+ Qxe7 26. Rb8+ Rxb8 27.
cxb8=Q+ Be8 28. Qc6 Nf6 29. Qbxd6 Bxc6 30. Qxe7 Bb5 31. e5 Ne8 32. e6 h5 33.
Qf7+ Kh7 34. e7 Nf6 35. h3 Be8 36. Qf8 g5 37. e4 Bg6 38. Qc8 Ne8 39. Qe6 Bd4+
40. Kf1 Ng7 41. Qd5 Bf6 42. Qd6 Ne8 43. Qe6 a5 44. e5 Bg7 45. Ke2 Kh6 46. Ke3
a4 47. Kd4 a3 48. Qg8 h4 49. Kd5 Nc7+ 50. Kd6 Ne8+ 51. Kd7 Bxe5 52. Qxe8 Bxe8+
53. Kxe8 Bf6 54. Kf7 Bxe7 55. Kxe7 Kg6 56. Ke6 g4 57. Ke5 g3 58. Ke6 Kg5 59.
Ke5 a6 60. Ke4 Kf6 61. Kf4 Ke6 62. Ke4 a5 63. Kd4 Kd6 64. Kc4 Ke5 65. Kd3 Kd5
66. Ke2 Ke4 67. Kd2 Kd4 68. Kd1 Kd3 69. Ke1 Ke3 70. Kf1 Kd2 71. Kg1 Kc2 0-1

[Event "Tbilisi Municipality Cup 2010"]
[Site "?"]
[Date "2010.05.16"]
[Round "?"]
[White "Sanikidze, Tornike"]
[Black "Beradze, Irakli"]
[Result "1/2-1/2"]
[WhiteElo "2569"]
[BlackElo "2223"]
[PlyCount "77"]
[EventDate "2010.??.??"]

1. e4 c6 2. Ne2 d5 3. e5 c5 4. d4 Nc6 5. c3 Bf5 6. Ng3 Bg6 7. Qb3 Qb6 8. dxc5
Qxb3 9. axb3 e6 10. b4 Nxe5 11. Bb5+ Nc6 12. Nd2 Nge7 13. Nb3 a6 14. Nd4 Rc8
15. Ba4 e5 16. Nxc6 Nxc6 17. f4 f6 18. fxe5 fxe5 19. O-O Bd3 20. Rf3 Bb5 21.
Bb3 Rd8 22. Bg5 Be7 23. Bxe7 Nxe7 24. Nf5 Kd7 25. Nd6 Rhf8 26. Re3 e4 27. Nxb7
Rb8 28. Nd6 Nf5 29. Nxf5 Rxf5 30. Ba4 Rbf8 31. Bxb5+ axb5 32. Re2 h5 33. h3 g5
34. Ra7+ Ke6 35. Ra1 R8f7 36. b3 Ke5 37. Ra8 Rf1+ 38. Kh2 Kf4 39. c6 1/2-1/2

[Event "Tbilisi Municipality Cup 2010"]
[Site "?"]
[Date "2010.05.16"]
[Round "?"]
[White "Manashvili, Aleko"]
[Black "Arutinian, David"]
[Result "0-1"]
[WhiteElo "2215"]
[BlackElo "2566"]
[PlyCount "102"]
[EventDate "2010.??.??"]

1. e4 c5 2. Nf3 e6 3. c4 a6 4. Nc3 Qc7 5. Be2 b6 6. O-O Bb7 7. d4 cxd4 8. Nxd4
Nf6 9. f3 d6 10. Be3 Be7 11. Rc1 O-O 12. Qe1 Nbd7 13. Qf2 Rac8 14. Rfd1 Qb8 15.
Kh1 Rfe8 16. a3 Bd8 17. g4 Ne5 18. g5 Nfd7 19. b3 Nc5 20. Kg1 Qa8 21. b4 Ncd7
22. Na4 Bc7 23. Nb3 Rb8 24. Nc3 Ng6 25. h4 f6 26. h5 Ngf8 27. h6 g6 28. Bf4 e5
29. Be3 fxg5 30. Nd5 Bd8 31. Bf1 g4 32. fxg4 Ne6 33. Bg2 Rf8 34. Qg3 Bxd5 35.
cxd5 Nf4 36. Rd2 Bg5 37. Rc6 Rf6 38. Rdc2 Rbf8 39. Kh1 Qd8 40. Bc1 Qe7 41. Rc7
R6f7 42. Qh2 Nd3 43. Qg3 Nxc1 44. Nxc1 Bf4 45. Qh3 Qg5 46. Nd3 Be3 47. R7c6 Nf6
48. Rxd6 Nxg4 49. Rdc6 Nxh6 50. Rc8 Rf1+ 51. Kh2 Ng4+ 0-1

[Event "Tbilisi Municipality Cup 2010"]
[Site "?"]
[Date "2010.05.16"]
[Round "?"]
[White "Shanava, Konstantine"]
[Black "Nikoladze, Sopio"]
[Result "1-0"]
[WhiteElo "2557"]
[BlackElo "2214"]
[PlyCount "75"]
[EventDate "2010.??.??"]

1. e4 d6 2. Nc3 Nf6 3. f4 e5 4. Nf3 Nbd7 5. d4 c6 6. dxe5 dxe5 7. fxe5 Ng4 8.
e6 fxe6 9. Ng5 Nde5 10. Qxd8+ Kxd8 11. h3 Nh6 12. Bf4 Nhf7 13. O-O-O+ Ke7 14.
Be2 h6 15. Nxf7 Nxf7 16. Bh5 e5 17. Bg3 Be6 18. Rhf1 g5 19. Nd5+ cxd5 20. exd5
Bg7 21. dxe6 Nd6 22. Rfe1 Kxe6 23. Bg4+ Nf5 24. Bxf5+ Kxf5 25. Rd7 Bf6 26. Rd6
Bg7 27. Rf1+ Ke4 28. Rf7 Rhg8 29. Rxb7 a5 30. Rb5 Rgb8 31. a4 Rxb5 32. axb5 Re8
33. b6 Bf8 34. Rd7 Bc5 35. b7 Rb8 36. Kd1 a4 37. Ke2 h5 38. c4 1-0

[Event "Tbilisi Municipality Cup 2010"]
[Site "?"]
[Date "2010.05.16"]
[Round "?"]
[White "Umudova, Nargiz"]
[Black "Jojua, Davit"]
[Result "0-1"]
[WhiteElo "2211"]
[BlackElo "2537"]
[PlyCount "68"]
[EventDate "2010.??.??"]

1. e4 c5 2. Nf3 e6 3. d4 cxd4 4. Nxd4 a6 5. Bd3 d6 6. O-O Nf6 7. c4 g6 8. Nc3
Bg7 9. Nf3 O-O 10. Bf4 Nc6 11. Qe2 e5 12. Be3 Bg4 13. Rad1 Nd7 14. h3 Bxf3 15.
Qxf3 Nc5 16. Qg3 Ne6 17. Ne2 Qe7 18. b3 Nb4 19. a3 Nc6 20. Nc3 Ncd4 21. Nd5 Qd8
22. b4 Rc8 23. f4 exf4 24. Bxf4 Nxf4 25. Qxf4 Be5 26. Qh6 b5 27. cxb5 axb5 28.
Bb1 Ne2+ 29. Kf2 Nc3 30. Nxc3 Rxc3 31. Rd3 Qb6+ 32. Qe3 Rxd3 33. Qxb6 Bd4+ 34.
Ke2 Re3+ 0-1

[Event "Tbilisi Municipality Cup 2010"]
[Site "?"]
[Date "2010.05.16"]
[Round "?"]
[White "Muzychuk, Anna"]
[Black "Isgandarova, Khayala Ilqa"]
[Result "1-0"]
[WhiteElo "2529"]
[BlackElo "2209"]
[PlyCount "49"]
[EventDate "2010.??.??"]

1. e4 e6 2. d4 d5 3. Nc3 Nf6 4. Bg5 Be7 5. e5 Nfd7 6. Bxe7 Qxe7 7. f4 a6 8. Qg4
f5 9. exf6 Nxf6 10. Qh4 c5 11. Nf3 Nc6 12. dxc5 Qxc5 13. O-O-O O-O 14. Bd3 Nb4
15. Rhe1 Nxd3+ 16. Rxd3 b5 17. Ne5 d4 18. Ne2 Nd5 19. Nxd4 Rxf4 20. Qg5 h6 21.
Qg6 Rxd4 22. Qf7+ Kh8 23. Ng6+ Kh7 24. Nf8+ Kh8 25. Rh3 1-0

[Event "Tbilisi Municipality Cuo 2010"]
[Site "?"]
[Date "2010.05.16"]
[Round "?"]
[White "Patsia, Zviad"]
[Black "Kotanjian, Tigran"]
[Result "1/2-1/2"]
[WhiteElo "2209"]
[BlackElo "2522"]
[PlyCount "94"]
[EventDate "2010.??.??"]

1. c4 f5 2. Nc3 Nf6 3. g3 g6 4. Bg2 Bg7 5. d4 O-O 6. Nh3 d6 7. O-O Na6 8. Qc2
e5 9. dxe5 dxe5 10. Rd1 Qe8 11. Nd5 c6 12. Nxf6+ Bxf6 13. Bh6 Rf7 14. Ng5 Be6
15. Nxf7 Qxf7 16. Bd2 Bxc4 17. Bc3 Bxa2 18. Rd6 Bd5 19. Ra5 Nc7 20. f4 Re8 21.
Rxa7 Bxg2 22. Kxg2 Nd5 23. Qd3 exf4 24. Bxf6 Nxf6 25. Rxc6 fxg3 26. hxg3 f4 27.
Rb6 Re7 28. Qb3 Nd5 29. Rbxb7 Ne3+ 30. Kf3 Qxb3 31. Ra8+ Kg7 32. Rxb3 Nf5 33.
Kxf4 Rxe2 34. Rb7+ Kh6 35. Raa7 Rf2+ 36. Kg4 Ne3+ 37. Kh3 Kg5 38. Rb5+ Nf5 39.
Rxh7 Rf3 40. Kh2 Rf2+ 41. Kg1 Rf3 42. Rh2 Kg4 43. Rb4+ Kxg3 44. Rg2+ Kh3 45.
Rxg6 Ne3 46. Rh6+ Kg3 47. Rg6+ Kh3 1/2-1/2

[Event "Tbilisi Municipality Cup 2010"]
[Site "?"]
[Date "2010.05.16"]
[Round "?"]
[White "Benidze, Davit"]
[Black "Lortqipanidze, Nodar"]
[Result "1-0"]
[WhiteElo "2499"]
[BlackElo "2198"]
[PlyCount "65"]
[EventDate "2010.??.??"]

1. Nf3 Nf6 2. c4 c6 3. d4 a6 4. Nc3 d5 5. e3 b5 6. b3 Bg4 7. Be2 e6 8. O-O Be7
9. Ne5 Bf5 10. Bb2 Nbd7 11. f4 Nxe5 12. fxe5 Nd7 13. cxd5 cxd5 14. Nxd5 Bg5 15.
Nf4 Qb6 16. Bg4 Bg6 17. Qf3 O-O 18. Rac1 Rfd8 19. Rc6 Qa5 20. a3 Bxf4 21. exf4
h5 22. Bh3 Rac8 23. b4 Qa4 24. Rxc8 Rxc8 25. d5 Re8 26. dxe6 fxe6 27. f5 Rf8
28. Qd3 Bxf5 29. Bxf5 Rxf5 30. Rxf5 exf5 31. e6 Nf6 32. Bxf6 gxf6 33. e7 1-0

[Event "Tbilisi Municipality Cup 2010"]
[Site "?"]
[Date "2010.05.16"]
[Round "?"]
[White "Nigalidze, Gaioz"]
[Black "Khmiadashvili, Tamar"]
[Result "1-0"]
[WhiteElo "2489"]
[BlackElo "2193"]
[PlyCount "69"]
[EventDate "2010.??.??"]

1. d4 d5 2. Nf3 e6 3. c4 Bb4+ 4. Nc3 Nc6 5. Bg5 Nge7 6. e3 f6 7. Bf4 Ng6 8. Bg3
Bxc3+ 9. bxc3 O-O 10. Bd3 f5 11. O-O Na5 12. Nd2 b6 13. cxd5 exd5 14. Qh5 c6
15. c4 Ba6 16. Bxf5 Qf6 17. Bc2 Nxc4 18. Nf3 Rfd8 19. Bh4 Nxh4 20. Bxh7+ Kf8
21. Nxh4 Ke7 22. Bd3 Kd7 23. Ng6 Kc7 24. Rfc1 b5 25. a4 Kb6 26. axb5 cxb5 27.
Nf4 g5 28. Ng6 Bb7 29. h4 gxh4 30. Bxc4 bxc4 31. Rab1+ Kc6 32. Ne5+ Kd6 33.
Rxb7 Rg8 34. Rxc4 dxc4 35. Nxc4+ 1-0

[Event "Tbilisi Municipality Cup 2010"]
[Site "?"]
[Date "2010.05.16"]
[Round "?"]
[White "Yegizarian, Arsen"]
[Black "Iskandarov, Misratdin M.O"]
[Result "0-1"]
[WhiteElo "2475"]
[BlackElo "2175"]
[PlyCount "82"]
[EventDate "2010.??.??"]

1. Nf3 g6 2. e4 Bg7 3. d4 d6 4. c3 Nf6 5. Bd3 O-O 6. O-O Bg4 7. Nbd2 e5 8. h3
Bxf3 9. Nxf3 Nbd7 10. Be3 exd4 11. cxd4 Re8 12. Qc2 Rc8 13. Rad1 a6 14. Qb1 Qe7
15. Nd2 c5 16. Rfe1 Nh5 17. dxc5 Nxc5 18. Bc2 Ne6 19. Nf3 Rc6 20. Bb3 Qf6 21.
Bd5 Rc7 22. Rd2 Nhf4 23. Qd1 Nxd5 24. exd5 Nf8 25. Qb3 Nd7 26. Rde2 Ne5 27. Nd2
Qf5 28. Bd4 Rec8 29. Bc3 Nd3 30. Bxg7 Nxe1 31. Bc3 Nd3 32. Qa4 b5 33. Qd4 Ne5
34. g4 Qc2 35. Kg2 Rxc3 36. bxc3 Rxc3 37. Qb6 Qd3 38. Qd8+ Kg7 39. Re3 Qxd2 40.
g5 Qxd5+ 41. Kh2 Nf3+ 0-1

[Event "Tbilisi Municipality Cup 2010"]
[Site "?"]
[Date "2010.05.16"]
[Round "?"]
[White "Tereladze, Sopiko"]
[Black "Melia, Salome"]
[Result "1/2-1/2"]
[WhiteElo "2196"]
[BlackElo "2466"]
[PlyCount "68"]
[EventDate "2010.??.??"]

1. e4 c5 2. c3 d6 3. d4 Nf6 4. dxc5 Nc6 5. Bc4 e6 6. Bg5 dxc5 7. Qxd8+ Nxd8 8.
Nd2 Nc6 9. f4 h6 10. Bh4 Be7 11. Ngf3 Bd7 12. O-O Rd8 13. Rad1 a6 14. Rfe1 b5
15. Bf1 c4 16. h3 Nh5 17. Bxe7 Kxe7 18. f5 Bc8 19. b3 cxb3 20. Nxb3 e5 21. Rd5
Kf6 22. Red1 Nf4 23. Nxe5 Rxd5 24. Ng4+ Kg5 25. exd5 Rd8 26. Ne3 Ne7 27. Nc5
Nxf5 28. Nxf5 Kxf5 29. c4 bxc4 30. Bxc4 Ke5 31. Bxa6 Bxa6 32. Nxa6 Rxd5 33.
Rxd5+ Kxd5 34. Kf2 Kc4 1/2-1/2

[Event "Tbilisi Municipality Cup 2010"]
[Site "?"]
[Date "2010.05.16"]
[Round "?"]
[White "Maghalashvili, Davit"]
[Black "Qalagashvili, Pridon"]
[Result "1-0"]
[WhiteElo "2461"]
[BlackElo "2161"]
[PlyCount "111"]
[EventDate "2010.??.??"]

1. d4 c5 2. d5 e5 3. e4 d6 4. Nc3 g6 5. Bb5+ Nd7 6. a4 f6 7. Nf3 Nh6 8. O-O Nf7
9. Nd2 Be7 10. Be2 O-O 11. Nc4 f5 12. f4 exf4 13. Bxf4 g5 14. Bd2 f4 15. g3
fxg3 16. hxg3 Nde5 17. Ne3 Nh6 18. Kg2 Bd7 19. Bb5 Rxf1 20. Qxf1 a6 21. Bxd7
Qxd7 22. Qh1 Bf8 23. Qh5 Nhf7 24. Nf5 h6 25. Nd1 Qd8 26. Nde3 Qf6 27. Rh1 Kh7
28. Bc3 Qg6 29. Qe2 Re8 30. a5 Nd7 31. Qc4 Nfe5 32. Bxe5 Nxe5 33. Qa4 Rc8 34.
Ng4 Rd8 35. Nxe5 dxe5 36. g4 b5 37. axb6 Qxb6 38. b3 Qb4 39. Qxb4 cxb4 40. Ne3
Bc5 41. Nc4 Bd4 42. Rf1 Kg6 43. Na5 h5 44. Nc6 Rd7 45. gxh5+ Kxh5 46. Nxb4 Kg4
47. Nc6 Rh7 48. Nxd4 exd4 49. d6 d3 50. cxd3 Rh3 51. Rd1 Rg3+ 52. Kf2 Rf3+ 53.
Ke2 Rf6 54. e5 Re6 55. d4 Kf4 56. d7 1-0

[Event "Tbilisi Municipality Cup 2010"]
[Site "?"]
[Date "2010.05.16"]
[Round "?"]
[White "Bagaturov, Giorgi"]
[Black "Ahmad, Ghassan M"]
[Result "1-0"]
[WhiteElo "2453"]
[BlackElo "2138"]
[PlyCount "109"]
[EventDate "2010.??.??"]

1. d4 Nf6 2. Nf3 e6 3. c4 b6 4. a3 Bb7 5. Nc3 Be7 6. d5 exd5 7. cxd5 O-O 8. e4
d6 9. Bd3 Nbd7 10. O-O Ng4 11. Nd4 Bf6 12. Be2 Nge5 13. Be3 Re8 14. Rc1 a6 15.
f4 Ng6 16. b4 b5 17. a4 bxa4 18. Qxa4 Nb6 19. Qa2 Ne7 20. Bf2 c6 21. dxc6 Nxc6
22. Nf5 Nxb4 23. Qd2 Rc8 24. Qxd6 Rxc3 25. Bxb6 Qc8 26. Rxc3 Qxc3 27. e5 Qc2
28. Nd4 Qe4 29. Bf3 Qe3+ 30. Kh1 Nd3 31. Ne2 Qd2 32. Bxb7 Qxe2 33. Kg1 Bd8 34.
Bxa6 Bxb6+ 35. Qxb6 Qe4 36. Bb5 Rf8 37. Bc6 Qc4 38. Bb5 Qb4 39. e6 fxe6 40.
Qxe6+ Kh8 41. Bxd3 Qd4+ 42. Rf2 Qxd3 43. g3 h6 44. Kg2 Rd8 45. f5 Qd5+ 46. Kh3
Qxe6 47. fxe6 Re8 48. Re2 g6 49. Kg4 Kg7 50. h4 Kf6 51. h5 g5 52. e7 Rxe7 53.
Rxe7 Kxe7 54. Kf5 Kf7 55. g4 1-0

[Event "Tbilisi Municipality Cup 2010"]
[Site "?"]
[Date "2010.05.16"]
[Round "?"]
[White "Khurtsidze, Nino"]
[Black "Tsikhelashvili, Giorgi"]
[Result "1-0"]
[WhiteElo "2448"]
[BlackElo "2116"]
[PlyCount "83"]
[EventDate "2010.??.??"]

1. d4 Nf6 2. c4 g6 3. Nf3 Bg7 4. g3 O-O 5. Bg2 d5 6. cxd5 Nxd5 7. O-O c5 8. e4
Nf6 9. e5 Nd5 10. dxc5 Nc6 11. Na3 Ndb4 12. Qe2 Qd3 13. Re1 Rd8 14. Bd2 Qxe2
15. Rxe2 Nd3 16. Be3 Bg4 17. h3 Bxf3 18. Bxf3 Ndxe5 19. Bg2 Rac8 20. Rb1 a5 21.
f4 Nd3 22. Bxc6 bxc6 23. Nc4 Nb4 24. a3 Nd5 25. Bf2 Rb8 26. Rd1 a4 27. Nb6 Nxb6
28. Rxd8+ Rxd8 29. cxb6 Kf8 30. Re4 Bxb2 31. Rxa4 Rb8 32. Ra7 e5 33. fxe5 Bxe5
34. a4 Bd6 35. a5 c5 36. Rd7 Be7 37. Rc7 Ke8 38. Bxc5 Bxc5+ 39. Rxc5 Kd7 40.
Rc7+ Kd6 41. Rxf7 Kc6 42. Rxh7 1-0

[Event "Tbilisi Municipality Cup 2010"]
[Site "?"]
[Date "2010.05.16"]
[Round "?"]
[White "Azaladze, Shota"]
[Black "Martirosyan, Lia"]
[Result "1-0"]
[WhiteElo "2432"]
[BlackElo "2108"]
[PlyCount "91"]
[EventDate "2010.??.??"]

1. Nf3 Nf6 2. g3 e6 3. Bg2 d5 4. O-O Be7 5. d3 O-O 6. Nbd2 c5 7. e4 Nc6 8. Re1
dxe4 9. dxe4 e5 10. c3 h6 11. Nh4 Bg4 12. Qc2 Qd7 13. Nf5 Rfd8 14. Nc4 Rac8 15.
h3 Bd1 16. Nxe7+ Nxe7 17. Qb1 Qe6 18. Nxe5 Qxe5 19. Bf4 Qe6 20. Rxd1 Rxd1+ 21.
Qxd1 g5 22. Be3 Nxe4 23. Qd3 Nd6 24. Rd1 Nef5 25. Bc1 c4 26. Qd5 Re8 27. Qxe6
Rxe6 28. Kf1 b5 29. g4 Ne7 30. Be3 a6 31. Bc5 Ne4 32. Rd8+ Kg7 33. Bxe4 Rxe4
34. Ra8 Re6 35. Bxe7 Rxe7 36. Rxa6 f6 37. a4 bxa4 38. Rxa4 Rc7 39. Ke2 f5 40.
Rb4 fxg4 41. hxg4 Re7+ 42. Kf3 Rf7+ 43. Ke3 Rf4 44. f3 h5 45. Rb7+ Kg8 46. Rb5
1-0

[Event "Tbilisi Municipality cup 2010"]
[Site "?"]
[Date "2010.05.16"]
[Round "?"]
[White "Bokuchava, Madona"]
[Black "Khukhashvili, Sopiko"]
[Result "1-0"]
[WhiteElo "2108"]
[BlackElo "2421"]
[PlyCount "114"]
[EventDate "2010.??.??"]

1. d4 e6 2. c4 Nf6 3. Nf3 b6 4. g3 Ba6 5. b3 b5 6. cxb5 Bxb5 7. Bg2 Bb4+ 8. Bd2
a5 9. O-O Bc6 10. Nc3 O-O 11. Qc2 Bxc3 12. Bxc3 Be4 13. Qd2 a4 14. bxa4 Rxa4
15. Qd1 Ra6 16. Nd2 Bxg2 17. Kxg2 d6 18. Qc2 Nbd7 19. a4 Qa8+ 20. Kg1 Qc6 21.
Rfc1 Rfa8 22. a5 Qb7 23. Rcb1 Qa7 24. Nb3 Rc8 25. Bd2 Qa8 26. Ra4 e5 27. Rc4 d5
28. Ra4 c5 29. dxc5 Ne4 30. Bb4 Rh6 31. f3 Qc6 32. Rba1 Ng5 33. Bd2 Rg6 34.
Bxg5 Rxg5 35. a6 Nb6 36. Rb4 Na8 37. a7 h5 38. Rb8 Qc7 39. Qd2 Rg6 40. Qxd5 Rc6
41. Rxc8+ Qxc8 42. Qxe5 Rc7 43. Qe4 Rb7 44. Ra3 Rd7 45. Kg2 Qd8 46. Ra4 Re7 47.
Qd3 Qc8 48. Rd4 Re8 49. Rb4 Qc7 50. Qb5 Rc8 51. Qb8 Kh7 52. Qxc7 Rxc7 53. Ra4
Kg6 54. Ra5 Kf6 55. Kf2 Ke5 56. e4 h4 57. Ke3 h3 1-0

[Event "Tbilisi Municipality Cup 2010"]
[Site "?"]
[Date "2010.05.16"]
[Round "?"]
[White "Gaprindashvili, Valeriane"]
[Black "Khelaia, Giorgi"]
[Result "1/2-1/2"]
[WhiteElo "2415"]
[BlackElo "2097"]
[PlyCount "42"]
[EventDate "2010.??.??"]

1. d4 g6 2. e4 Bg7 3. Nc3 d6 4. g3 Nc6 5. d5 Ne5 6. f4 Nd7 7. Bg2 c6 8. Be3
cxd5 9. exd5 Ndf6 10. h3 h5 11. Nge2 Nh6 12. Nd4 Nf5 13. Bf2 Nxd4 14. Bxd4 Bf5
15. Qd2 Rc8 16. Bf1 a6 17. a4 Qa5 18. Rd1 Qb4 19. b3 O-O 20. Bc4 Rxc4 21. bxc4
Qxc4 {not legal move} 1/2-1/2

[Event "Tbilisi Municipality Cup 2010"]
[Site "?"]
[Date "2010.05.16"]
[Round "?"]
[White "Amirkhanashvili, Archil"]
[Black "Khotenashvili, Bela"]
[Result "0-1"]
[WhiteElo "2101"]
[BlackElo "2410"]
[PlyCount "66"]
[EventDate "2010.??.??"]

1. e4 c6 2. d4 d5 3. Nc3 dxe4 4. Nxe4 Bf5 5. Ng3 Bg6 6. Nf3 Nd7 7. h4 h6 8. h5
Bh7 9. Bd3 Bxd3 10. Qxd3 e6 11. Bd2 Qc7 12. O-O-O O-O-O 13. Qe2 Bd6 14. Kb1
Bxg3 15. fxg3 Qxg3 16. Ne5 Nxe5 17. dxe5 Rd5 18. Rde1 Rd4 19. Rh3 Qg4 20. Qf2
Ne7 21. Be3 Re4 22. Bxa7 Rd8 23. Rhh1 Rxe5 24. a3 Rxe1+ 25. Qxe1 Rd5 26. Rf1
Nf5 27. Bb6 Qxg2 28. Rg1 Qd2 29. Qe4 Rb5 30. Ba7 Qa5 31. Bf2 Qxa3 32. Bd4 Qa4
33. c3 c5 0-1

[Event "Tbilisi Municipality Cup 2010"]
[Site "?"]
[Date "2010.05.16"]
[Round "?"]
[White "Tsereteli, Tamar"]
[Black "Ter-Karapetian, Armen"]
[Result "1-0"]
[WhiteElo "2402"]
[BlackElo "2093"]
[PlyCount "47"]
[EventDate "2010.??.??"]

1. e4 c5 2. Nf3 d6 3. d4 cxd4 4. Nxd4 Nf6 5. Nc3 e6 6. g4 h6 7. Bg2 Be7 8. Be3
Nc6 9. h3 a6 10. Qe2 Qc7 11. O-O-O Bd7 12. f4 Nxd4 13. Bxd4 Bc6 14. Rhe1 O-O-O
15. Qf2 Rd7 16. Kb1 b5 17. e5 Ne8 18. exd6 Bxd6 19. Ne4 Be7 20. Be5 Bd6 21.
Nxd6+ Nxd6 22. Rxd6 Rxd6 23. Bxd6 Qxd6 24. Qb6 1-0

[Event "Tbilisi Municipality Cup 2010"]
[Site "?"]
[Date "2010.05.16"]
[Round "?"]
[White "Tsiramua, Nodar"]
[Black "Zaslavsky, Mikhail"]
[Result "0-1"]
[WhiteElo "2083"]
[BlackElo "2397"]
[PlyCount "84"]
[EventDate "2010.??.??"]

1. d4 Nf6 2. Nf3 g6 3. Bg5 Bg7 4. e3 O-O 5. Nbd2 d6 6. h3 c5 7. Bd3 b6 8. O-O
Bb7 9. c3 Nbd7 10. Qe2 h6 11. Bh4 e5 12. dxe5 dxe5 13. e4 Qc7 14. Bxf6 Nxf6 15.
Bc4 Kh7 16. g3 Rad8 17. Rad1 Ne8 18. Nb1 Nd6 19. Bd5 Bc8 20. Kg2 Qd7 21. Ng1 f5
22. f3 Qe7 23. c4 h5 24. exf5 Nxf5 25. Nc3 h4 26. g4 Ng3 27. Qc2 Nxf1 28. Rxf1
Be6 29. Be4 Bxc4 30. Bxg6+ Kh8 31. Rd1 Rxd1 32. Nxd1 Qg5 33. Be4 Rd8 34. Nf2
Bxa2 35. Qa4 Qe3 36. Qc6 Rd2 37. Qe8+ Bg8 38. Qh5+ Qh6 39. Qf5 Be6 40. g5 Bxf5
41. gxh6 Bxh6 42. Bxf5 Be3 0-1

[Event "Tbilisi Municipality Cup 2010"]
[Site "?"]
[Date "2010.05.16"]
[Round "?"]
[White "Chkhikvishvili, Mindia"]
[Black "Chigladze, Iveri"]
[Result "0-1"]
[WhiteElo "2068"]
[BlackElo "2386"]
[PlyCount "52"]
[EventDate "2010.??.??"]

1. e4 Nf6 2. e5 Nd5 3. c4 Nb6 4. d4 d6 5. f4 dxe5 6. fxe5 Nc6 7. Be3 Bf5 8. Nf3
e6 9. Nc3 Qd7 10. Be2 O-O-O 11. O-O Bg4 12. c5 Nd5 13. Bf2 Be7 14. Qa4 f6 15.
Nxd5 Qxd5 16. b4 fxe5 17. b5 Bxf3 18. Bxf3 e4 19. bxc6 exf3 20. cxb7+ Kb8 21.
Rab1 fxg2 22. Rfe1 Rhf8 23. Rb3 Rxf2 24. Kxf2 Bh4+ 25. Rg3 Bxg3+ 26. hxg3 Rf8+
0-1

[Event "Tbilisi Municipality Cup 2010"]
[Site "?"]
[Date "2010.05.16"]
[Round "?"]
[White "Morchiashvili, Bachana"]
[Black "Mzhavia, Qristine"]
[Result "1-0"]
[WhiteElo "2370"]
[BlackElo "2084"]
[PlyCount "81"]
[EventDate "2010.??.??"]

1. d4 d5 2. Nf3 Nf6 3. c4 c6 4. Nc3 a6 5. e3 b5 6. c5 Bg4 7. Qb3 Nbd7 8. a4 e5
9. Qa3 Rb8 10. axb5 axb5 11. Qa5 g6 12. Qxd8+ Rxd8 13. Ra6 Bxf3 14. gxf3 Nb8
15. Ra7 Bh6 16. Nxb5 cxb5 17. Bxb5+ Kf8 18. dxe5 Nfd7 19. e6 fxe6 20. c6 Nxc6
21. Bxc6 Ne5 22. Ba4 Nxf3+ 23. Ke2 Nh4 24. Bd2 Nf5 25. Rd1 Rb8 26. Rc1 Bg7 27.
Bb4+ Kg8 28. Bd7 h5 29. Bxe6+ Kh7 30. Ba3 Kh6 31. Bxf5 gxf5 32. Rc6+ Kh7 33.
Rcc7 Rhg8 34. Bd6 Rxb2+ 35. Kf3 Rb6 36. Be5 Rg6 37. Kf4 Rg4+ 38. Kxf5 Rf8+ 39.
Ke6 Re8+ 40. Re7 Re4 41. f4 1-0

[Event "Tbilisi Municipality Cup 2010"]
[Site "?"]
[Date "2010.05.16"]
[Round "?"]
[White "Gvetadze, Sopio"]
[Black "Meskhi, Teona"]
[Result "1-0"]
[WhiteElo "2363"]
[BlackElo "2073"]
[PlyCount "148"]
[EventDate "2010.??.??"]

1. e4 d6 2. d4 Nf6 3. Nc3 g6 4. g3 Bg7 5. Bg2 O-O 6. Nge2 c6 7. a4 a5 8. O-O
Nbd7 9. h3 Re8 10. Be3 e5 11. g4 h5 12. gxh5 Nxh5 13. f4 exd4 14. Bxd4 Ndf6 15.
Qd2 d5 16. e5 Nd7 17. Be3 Nf8 18. Rad1 Bd7 19. Rf3 Qe7 20. Qe1 Qb4 21. b3 f6
22. Qf2 Qe7 23. Bc5 Qd8 24. Ng3 Nxg3 25. Qxg3 Bf5 26. Rf2 fxe5 27. Bxf8 exf4
28. Rxf4 Rxf8 29. Nxd5 Be5 30. Ne3 Bxf4 31. Qxf4 Qe7 32. Rd6 Kh7 33. Qg3 Rg8
34. Rd4 Raf8 35. Rh4+ Kg7 36. Qf4 Rh8 37. Rxh8 Rxh8 38. Nxf5+ gxf5 39. Qxf5 Rh4
40. Qxa5 Rd4 41. Qc3 Qe5 42. Qf3 Qd6 43. Qc3 Kf8 44. Bf1 Rd2 45. Qf3+ Ke7 46.
Bd3 Qd4+ 47. Kh1 Qa1+ 48. Bf1 Qe5 49. Bg2 Rxc2 50. Kg1 Rc3 51. Qg4 Rxb3 52.
Qh4+ Kd6 53. Qd8+ Kc5 54. Qa5+ b5 55. Qa7+ Kb4 56. Qh7 Kxa4 57. h4 Qe1+ 58. Kh2
Qe5+ 59. Kg1 Qd4+ 60. Kh2 Rb2 61. h5 Qg4 62. Qa7+ Kb3 63. Qe3+ Ka4 64. Qa7+ Kb4
65. Qe7+ c5 66. Qe1+ Kb3 67. Qg3+ Qxg3+ 68. Kxg3 Rd2 69. h6 Rd6 70. h7 Rh6 71.
Be4 c4 72. Kg4 c3 73. Kg5 Rxh7 74. Bxh7 c2 1-0

[Event "Tbilisi Municipality Cup 2010"]
[Site "?"]
[Date "2010.05.16"]
[Round "?"]
[White "Eranyan, Khachatur"]
[Black "Zarkua, Davit"]
[Result "1-0"]
[WhiteElo "2055"]
[BlackElo "2362"]
[PlyCount "149"]
[EventDate "2010.??.??"]

1. d4 Nf6 2. c4 c5 3. d5 b5 4. cxb5 a6 5. b6 d6 6. Nc3 Nbd7 7. Nf3 g6 8. e4 Bg7
9. Be2 O-O 10. O-O a5 11. Re1 a4 12. Nxa4 Nxe4 13. Bb5 Nef6 14. Bc6 Rb8 15. Bd2
Bb7 16. Qb3 Nxb6 17. Ba5 Nfxd5 18. Bxd5 Bxd5 19. Qd3 e6 20. Nxb6 Rxb6 21. a4
Rb3 22. Qxb3 Qxa5 23. Qb5 Qxb5 24. axb5 Rb8 25. Ra5 Bc4 26. Nd2 Bxb5 27. Ne4
Bf8 28. Ra7 Bc4 29. Rd7 e5 30. Ra1 Be6 31. Rc7 h6 32. Ra6 Rd8 33. h4 Bf5 34. f3
Bxe4 35. fxe4 f5 36. Kf2 fxe4 37. Ke3 Rb8 38. Kxe4 Rxb2 39. Rc8 Rb4+ 40. Ke3 d5
41. Rf6 Kg7 42. Rfxf8 Rxh4 43. Rf1 Re4+ 44. Kf2 Rc4 45. Kg3 h5 46. Re1 Kf6 47.
Rf1+ Kg5 48. Rd1 Rc3+ 49. Kh2 d4 50. Re1 d3 51. Rf8 c4 52. Rxe5+ Kg4 53. Rf3 h4
54. Rfe3 g5 55. R3e4+ Kh5 56. Rd4 Rc2 57. Red5 Kg6 58. Kh3 Kf6 59. g3 hxg3 60.
Kxg3 Ke6 61. Kf3 Kf6 62. Ke3 Re2+ 63. Kf3 Rc2 64. Rd8 Ke5 65. R8d6 g4+ 66. Kxg4
Rf2 67. R6d5+ Ke6 68. Rc5 Rc2 69. Rcxc4 Rxc4 70. Rxc4 Kd5 71. Rc1 Kd4 72. Kf3
d2 73. Rd1 Kd3 74. Kf2 Kc2 75. Ke2 1-0